000 00351 a2200133 4500
005 20250602072434.0
020 _a9789987694280
100 _aMBAMBA, U.O
245 _aInformation Technology
250 _a2nd Ed.
260 _aDar es Salaam
_bThe Tanzania Institute of Bankers
_c2013
300 _axiii, 166p.: ill; tables,
_c24.5 cm
942 _2ddc
_cBKS
999 _c2795
_d2795